<?xml version="1.0" encoding="UTF-8"?>
<record
    xmlns:xsi="http://www.w3.org/2001/XMLSchema-instance"
    xsi:schemaLocation="http://www.loc.gov/MARC21/slim http://www.loc.gov/standards/marcxml/schema/MARC21slim.xsd"
    xmlns="http://www.loc.gov/MARC21/slim">

  <leader>01263naa a2200205 i 4500</leader>
  <controlfield tag="001">2648</controlfield>
  <controlfield tag="003">KOSZ 005</controlfield>
  <controlfield tag="005">20180202154701.0</controlfield>
  <controlfield tag="008">160126s2008    pl     f     |000 0 pol</controlfield>
  <datafield tag="040" ind1=" " ind2=" ">
    <subfield code="c">BPK</subfield>
    <subfield code="d">KOSZ 005/EG</subfield>
  </datafield>
  <datafield tag="080" ind1=" " ind2=" ">
    <subfield code="a">332.1</subfield>
  </datafield>
  <datafield tag="100" ind1="1" ind2=" ">
    <subfield code="a">ROSA, Anna.</subfield>
    <subfield code="d">2001 - .</subfield>
    <subfield code="b">Politechnika Koszali&#x144;ska - Instytut Ekonomii i Zarz&#x105;dzania,</subfield>
    <subfield code="c">Zak&#x142;ad Finans&#xF3;w</subfield>
  </datafield>
  <datafield tag="245" ind1="1" ind2="0">
    <subfield code="a">Specjalne strefy ekonomiczne jako narz&#x119;dzie wspierania rozwoju regionalnego /</subfield>
    <subfield code="c">Anna Rosa.</subfield>
  </datafield>
  <datafield tag="500" ind1=" " ind2=" ">
    <subfield code="a">Dane z autopsji.</subfield>
  </datafield>
  <datafield tag="520" ind1=" " ind2=" ">
    <subfield code="a">Proces przechodzenia z gospodarki centralnie sterowanej do gospodarki rynkowej oraz zmiana ustroju ekonomicznego, zweryfikowa&#x142;y stan krajowego przemys&#x142;u. Sytuacja wymaga&#x142;a stworzenia instrumentu gospodarczego, stymuluj&#x105;cego rozw&#xF3;j inwestycji bez bezpo&#x15B;redniego anga&#x17C;owania &#x15B;rodk&#xF3;w z bud&#x17C;etu pa&#x144;stwa. Specjalne Strefy Ekonomiczne sta&#x142;y si&#x119; w&#x142;a&#x15B;nie wtedy jednym z instrument&#xF3;w polityki gospodarczej pa&#x144;stwa, kt&#xF3;ry wspiera rozw&#xF3;j lokalny i regionalny.</subfield>
  </datafield>
  <datafield tag="650" ind1=" " ind2="0">
    <subfield code="a">Rozw&#xF3;j regionalny.</subfield>
  </datafield>
  <datafield tag="650" ind1=" " ind2="0">
    <subfield code="a">Gospodarka - polityka.</subfield>
  </datafield>
  <datafield tag="773" ind1="0" ind2=" ">
    <subfield code="i">W :</subfield>
    <subfield code="t">Problemy rozwoju regionalnego w teorii i praktyce / red. nauk. Antoni Szreder. -</subfield>
    <subfield code="d">S&#x142;upsk : Wy&#x17C;sza Hanzeatycka Szko&#x142;a Zarz&#x105;dzania, 2008. -</subfield>
    <subfield code="g">s. 133-143</subfield>
  </datafield>
  <datafield tag="942" ind1=" " ind2=" ">
    <subfield code="c">ROZ</subfield>
    <subfield code="2">UKD</subfield>
  </datafield>
  <datafield tag="999" ind1=" " ind2=" ">
    <subfield code="c">2648</subfield>
    <subfield code="d">2648</subfield>
  </datafield>
  <datafield tag="952" ind1=" " ind2=" ">
    <subfield code="0">0</subfield>
    <subfield code="1">0</subfield>
    <subfield code="4">0</subfield>
    <subfield code="7">0</subfield>
    <subfield code="a">BPK</subfield>
    <subfield code="b">BPK</subfield>
    <subfield code="o">94596</subfield>
    <subfield code="y">ROZ</subfield>
  </datafield>
</record>
